| 000 | 00911nam a2200217 i 4500 | ||
|---|---|---|---|
| 001 | 150945 | ||
| 003 | ES-MaACL | ||
| 005 | 20250929063214.0 | ||
| 007 | t| | ||
| 008 | 071121s1891 sp ||||1| spa d | ||
| 100 | 0 |
_aParada y Santín, José, _d1857-1923 _988911 |
|
| 245 | 1 | 0 |
_aDiscursos leídos en la sesión inaugural del año académico de 1891-1892 en la Sociedad Española de Higiene celebrada en diciembre de 1891 / _cpor José Parada y Santín y Manuel Tolosa Latour. |
| 260 |
_aMadrid : _b[s.n.], _c1891 ( _fEst. Tip. de Enrique Teodoro) |
||
| 300 |
_a61 p. ; _c24 cm. |
||
| 594 | _aTema del discurso de Manuel Tolosa Latour: La política doméstica y la higiene. | ||
| 650 | 7 |
_aEconomía doméstica _2embne _9135945 |
|
| 700 | 1 |
_aTolosa Latour, Manuel, _d1857-1919 _9110485 |
|
| 710 | 2 |
_aSociedad Española de Higiene. _96725 |
|
| 852 |
_aES-MaACL _jT-686-F-10 |
||
| 999 |
_c150945 _d150945 |
||